01529nam a2200205 a 4500020002700000020003000027082001500057100001900072245003800091260005500129300001300184520076600197650004300963700001801006856007001024942000701094999001501101952010401116952010301220 a8173196206 (hardcover) a9788173196201 (hardcover) a577.14 SRI1 aSrivastava, M.10aChemistry for green environment / a[S.l.] :bAlpha Science International, Ltd,c2005. a425 p. ; a"Chemistry for Green Environment" provides an overview of the current status of Chemistry for implementation of clean, ecofriendly, less wasteful manufacturing process and introduces new emerging green face of multi-dimensional Chemistry highlighting the need, principle, evolution, strategies and bioethical concerns for sustainable development of environment. It addresses important topics such as Information Processing, Information Building, Bioinformatics, Green Computation, Ecofriendly Technologies for Clean World, Green Processes: Emerging Trends, Combinatorial effects of synthetic and natural pesticides, Plant Based Products-Green Perspectives, Standardization approach for herbal products and Recent trends in drug development through Ethno botany. achemistry,environment,green envronment aSanghi,Rashmi40uhttp://www.amazon.com/exec/obidos/ASIN/8173196206/chopaconline-20 cBK c1601d1601 0010708NFICaICbICcGENd2015-07-19l0o577.14 SRIp004515r2015-07-19 00:00:00w2015-07-19yREF 0010708NFICaICbICcGENd2016-03-05l0o577.14 SRIp005541r2022-11-17 00:00:00w2016-03-05yBK